<?xml version="1.0" encoding="UTF-8"?>
<record
    xmlns:xsi="http://www.w3.org/2001/XMLSchema-instance"
    xsi:schemaLocation="http://www.loc.gov/MARC21/slim http://www.loc.gov/standards/marcxml/schema/MARC21slim.xsd"
    xmlns="http://www.loc.gov/MARC21/slim">

  <leader>00590nam a22001937a 4500</leader>
  <datafield tag="999" ind1=" " ind2=" ">
    <subfield code="c">172207</subfield>
    <subfield code="d">172207</subfield>
  </datafield>
  <controlfield tag="005">20200129115246.0</controlfield>
  <datafield tag="010" ind1=" " ind2=" ">
    <subfield code="a">184121</subfield>
  </datafield>
  <datafield tag="020" ind1=" " ind2=" ">
    <subfield code="c">2.75</subfield>
  </datafield>
  <datafield tag="035" ind1=" " ind2=" ">
    <subfield code="a">184121</subfield>
  </datafield>
  <datafield tag="037" ind1=" " ind2=" ">
    <subfield code="b">BPPD/Pub.</subfield>
  </datafield>
  <datafield tag="082" ind1=" " ind2=" ">
    <subfield code="a">846</subfield>
  </datafield>
  <datafield tag="100" ind1=" " ind2=" ">
    <subfield code="a">&#x645;&#x62C;&#x646;&#x648;&#x646; &#x6AF;&#x648;&#x631; &#x6A9;&#x6BE;&#x67E;&#x648;&#x631;&#x6CC;</subfield>
  </datafield>
  <datafield tag="245" ind1=" " ind2=" ">
    <subfield code="a">&#x67E;&#x631;&#x62F; &#x6CC;&#x633;&#x6CC; &#x6A9;&#x6D2; &#x62E;&#x637;&#x648;&#x637; /</subfield>
    <subfield code="c">&#x645;&#x62C;&#x646;&#x648;&#x646; &#x6AF;&#x648;&#x631; &#x6A9;&#x6BE;&#x67E;&#x648;&#x631;&#x6CC;</subfield>
  </datafield>
  <datafield tag="246" ind1=" " ind2=" ">
    <subfield code="a">Pardesi ke Khatoot (Urdu) /</subfield>
    <subfield code="b">by Majnoon Gaur Khapoori</subfield>
  </datafield>
  <datafield tag="260" ind1=" " ind2=" ">
    <subfield code="a">New Delhi</subfield>
    <subfield code="b">Maktaba Jamia</subfield>
    <subfield code="c">1961 &#x621;</subfield>
  </datafield>
  <datafield tag="270" ind1=" " ind2=" ">
    <subfield code="a">Maktaba Jamia, Jamia Nagar</subfield>
    <subfield code="b">New Delhi</subfield>
  </datafield>
  <datafield tag="300" ind1=" " ind2=" ">
    <subfield code="a">216p.</subfield>
    <subfield code="c">18cm(Hb)</subfield>
  </datafield>
  <datafield tag="942" ind1=" " ind2=" ">
    <subfield code="2">ddc</subfield>
    <subfield code="c">UR</subfield>
    <subfield code="h">846</subfield>
    <subfield code="m">&#x645; &#x62C; &#x646;</subfield>
  </datafield>
  <datafield tag="952" ind1=" " ind2=" ">
    <subfield code="0">0</subfield>
    <subfield code="1">0</subfield>
    <subfield code="4">0</subfield>
    <subfield code="7">0</subfield>
    <subfield code="8">NFIC</subfield>
    <subfield code="a">L</subfield>
    <subfield code="b">L</subfield>
    <subfield code="d">2020-01-29</subfield>
    <subfield code="e">BPPD/Ven.</subfield>
    <subfield code="g">2.75</subfield>
    <subfield code="l">0</subfield>
    <subfield code="o">846 &#x645; &#x62C; &#x646;</subfield>
    <subfield code="p">184121</subfield>
    <subfield code="r">2020-01-29 00:00:00</subfield>
    <subfield code="t">1</subfield>
    <subfield code="v">2.75</subfield>
    <subfield code="w">2020-01-29</subfield>
    <subfield code="y">UR</subfield>
  </datafield>
</record>
